000 003270000a22001450004500
003 MACL
040 _aMACL
090 _c3816
_d3815
100 _aPandhye, Prabhakar
245 _aPrincipales of Journalism
260 _bBombay Popular Prakashan
_c1991
350 _a100
650 _aNew , Media Journalism
942 _cBOOK
_k070
999 _c3784
_d3784